|
|
|
|
| LEADER |
00729nam a2200181 i 4500 |
| 001 |
misc75788 |
| 005 |
20250114143710.0 |
| 008 |
250114s1936 hu o 000 hun d |
| 040 |
|
|
|a SZTE Miscellanea Repozitórium
|b hun
|
| 041 |
|
|
|a hun
|
| 100 |
1 |
|
|a Magyari Piroska
|
| 245 |
1 |
2 |
|a A nagymagyarországi románok iskolaügye
|h [elektronikus dokumentum] /
|c Magyari Piroska
|
| 260 |
|
|
|a Ablaka Kiadó
|b Szeged
|c 1936
|
| 300 |
|
|
|a 136
|c 23
|
| 650 |
|
4 |
|a Bölcsészettudományok
|
| 650 |
|
4 |
|a Történettudomány és régészet
|
| 695 |
|
|
|a Kisebbség - román - Magyarország, Oktatáspolitika - Magyarország, Románok - Magyarország, Oktatásügy - Magyarország
|
| 856 |
4 |
0 |
|u http://misc.bibl.u-szeged.hu/75788/1/TEGY_2547.pdf
|z Dokumentum-elérés
|